[Event "Torneo Benidorm Gran Hotel Bali 2022"]
[Site "Benidorm, Spain"]
[Date "2022.12.09"]
[Round "8.2"]
[White "Md, Imran"]
[Black "Korneev, Oleg"]
[Result "1/2-1/2"]
[WhiteElo "2279"]
[BlackElo "2481"]
[PlyCount "148"]
[EventDate "2022.12.03"]
[EventType "swiss"]
[EventRounds "9"]
[SourceTitle "Ajedrez en Madrid"]
[Source "lmi"]
[SourceDate "2022.12.03"]
[SourceVersion "1"]
[SourceVersionDate "2022.12.10"]
[SourceQuality "1"]
[TimeControl "90+30"]
[WhiteClock "0:43:32"]
[BlackClock "0:06:15"]

1. d4 {[%emt 0:00:00]} d5 {[%emt 0:00:00]} 2. Bf4 {[%emt 0:00:00]} Nf6 {[%emt 0:00:00]} 3. Nf3 {[%emt 0:00:00]} e6 {[%emt 0:00:00]} 4. Nbd2 {[%emt 0:00:00]} Bd6 {[%emt 0:00:00]} 5. e3 {[%emt 0:00:00]} O-O {[%emt 0:00:00]} 6. Bd3 {[%emt 0:00:00]} c5 {[%emt 0:00:00]} 7. dxc5 {[%emt 0:00:00]} Bxf4 {[%emt 0:00:00]} 8. exf4 {[%emt 0:00:00]} Qc7 {[%emt 0:00:00]} 9. g3 {[%emt 0:00:00]} a5 {[%emt 0:00:00]} 10. a3 {[%emt 0:00:00]} Qxc5 {[%emt 0:00:00]} 11. O-O {[%emt 0:00:00]} b6 {[%emt 0:00:00]} 12. Qe2 {[%emt 0:00:00]} Ba6 {[%emt 0:00:00]} 13. Nb3 {[%emt 0:00:00]} Qc8 {[%emt 0:00:00]} 14. Rac1 {[%emt 0:00:00]} Nbd7 {[%emt 0:00:00]} 15. Nbd4 {[%emt 0:00:00]} Qb7 {[%emt 0:00:00]} 16. f5 {[%emt 0:00:00]} exf5 {[%emt 0:00:00]} 17. Bxa6 {[%emt 0:00:00]} Qxa6 {[%emt 0:00:00]} 18. Qxa6 {[%emt 0:00:00]} Rxa6 {[%emt 0:00:00]} 19. Nxf5 {[%emt 0:00:00]} a4 {[%emt 0:00:00]} 20. Rfd1 {[%emt 0:00:00]} Ra5 {[%emt 0:00:00]} 21. Ne7+ {[%emt 0:00:00]} Kh8 {[%emt 0:00:00]} 22. Nc6 {[%emt 0:00:00]} Rc5 {[%emt 0:00:00]} 23. Nb4 {[%emt 0:00:00]} g6 {[%emt 0:00:00]} 24. Rd4 {[%emt 0:00:00]} b5 {[%emt 0:00:00]} 25. Re1 {[%emt 0:00:00]} Kg8 {[%emt 0:00:00]} 26. Re7 {[%emt 0:00:00]} Rd8 {[%emt 0:00:00]} 27. g4 {[%emt 0:00:00]} Kf8 {[%emt 0:00:00]} 28. Re2 {[%emt 0:00:00]} h6 {[%emt 0:00:41]} 29. h4 {[%emt 0:00:00]} Nb6 {[%emt 0:00:31]} 30. Rf4 {[%emt 0:00:00]} Nbd7 {[%emt 0:07:30]} 31. Nd4 {[%emt 0:00:00]} Re8 {[%emt 0:00:12]} 32. Rxe8+ {[%emt 0:00:00]} Kxe8 {[%emt 0:00:01]} 33. Nd3 {[%emt 0:00:00]} Rc8 {[%emt 0:03:59]} 34. Nxb5 {[%emt 0:00:00]} Rxc2 {[%emt 0:00:26]} 35. Rxa4 {[%emt 0:00:00]} Ke7 {[%emt 0:02:51]} 36. Rd4 {[%emt 0:00:00]} Nf8 {[%emt 0:02:12]} 37. g5 {[%emt 0:00:00]} hxg5 {[%emt 0:00:00]} 38. hxg5 {[%emt 0:00:00]} Ne4 {[%emt 0:00:15]} 39. Rxd5 {[%emt 0:00:00]} Ne6 {[%emt 0:00:01]} 40. a4 {[%emt 0:00:00]} N4xg5 {[%emt 0:00:04]} 41. Kg2 {[%emt 0:00:00]} Rxb2 {[%emt 0:00:33]} 42. a5 {[%emt 0:00:00]} Ra2 {[%emt 0:00:08]} 43. Na7 {[%emt 0:00:00]} Ne4 {[%emt 0:00:19]} 44. Nc6+ {[%emt 0:00:00]} Kf6 {[%emt 0:00:04]} 45. Ncb4 {[%emt 0:00:00]} Ra3 {[%emt 0:00:27]} 46. a6 {[%emt 0:00:00]} Nc7 {[%emt 0:02:17]} 47. Rd4 {[%emt 0:00:00]} Ng5 {[%emt 0:01:52]} 48. Rd6+ {[%emt 0:00:00]} Nge6 {[%emt 0:00:01]} 49. Rb6 {[%emt 0:00:00]} Kf5 {[%emt 0:00:43]} 50. Rc6 {[%emt 0:00:00]} g5 {[%emt 0:00:29]} 51. Kh2 {[%emt 0:00:00]} Ke4 {[%emt 0:00:38]} 52. Ne1 {[%emt 0:00:00]} Ra1 {[%emt 0:00:25]} 53. Nec2 {[%emt 0:00:00]} Ra4 {[%emt 0:00:42]} 54. Kg3 {[%emt 0:00:00]} Ke5 {[%emt 0:00:31]} 55. Rb6 {[%emt 0:00:00]} Nd5 {[%emt 0:00:31]} 56. Rb7 {[%emt 0:00:00]} Nxb4 {[%emt 0:00:20]} 57. Nxb4 {[%emt 0:00:00]} Ra3+ {[%emt 0:00:27]} 58. f3 {[%emt 0:00:00]} Nc5 {[%emt 0:00:31]} 59. Rxf7 {[%emt 0:00:00]} Nxa6 {[%emt 0:00:19]} 60. Ra7 {[%emt 0:00:00]} Rxf3+ {[%emt 0:00:17]} 61. Kxf3 {[%emt 0:00:00]} Nxb4 {[%emt 0:00:02]} 62. Kg4 {[%emt 0:00:00]} Nd5 {[%emt 0:00:09]} 63. Kxg5 {[%emt 0:00:00]} Ke4 {[%emt 0:00:09]} 64. Ra4+ {[%emt 0:00:00]} Ke5 {[%emt 0:00:04]} 65. Ra8 {[%emt 0:00:00]} Ke4 {[%emt 0:00:14]} 66. Re8+ {[%emt 0:00:00]} Kd4 {[%emt 0:00:04]} 67. Kf5 {[%emt 0:00:00]} Ne3+ {[%emt 0:00:06]} 68. Kf4 {[%emt 0:00:00]} Nd5+ {[%emt 0:00:06]} 69. Kf3 {[%emt 0:00:00]} Nf6 {[%emt 0:00:16]} 70. Re6 {[%emt 0:00:00]} Nd5 {[%emt 0:00:05]} 71. Re4+ {[%emt 0:00:00]} Kd3 {[%emt 0:00:31]} 72. Re6 {[%emt 0:00:00]} Kd4 {[%emt 0:00:03]} 73. Re4+ {[%emt 0:00:00]} Kd3 {[%emt 0:00:02]} 74. Re6 {[%emt 0:00:00]} Kd4 {[%emt 0:00:07]} 1/2-1/2

[Event "Torneo Benidorm Gran Hotel Bali 2022"]
[Site "Benidorm, Spain"]
[Date "2022.12.09"]
[Round "8.3"]
[White "Granero Roca, Antonio"]
[Black "Aditya, Varun Gampa"]
[Result "0-1"]
[WhiteElo "2345"]
[BlackElo "2249"]
[PlyCount "122"]
[EventDate "2022.12.03"]
[EventType "swiss"]
[EventRounds "9"]
[SourceTitle "Ajedrez en Madrid"]
[Source "lmi"]
[SourceDate "2022.12.03"]
[SourceVersion "1"]
[SourceVersionDate "2022.12.10"]
[SourceQuality "1"]
[TimeControl "90+30"]
[WhiteClock "0:22:07"]
[BlackClock "0:13:29"]

1. d4 {[%emt 0:00:00]} Nf6 {[%emt 0:00:00]} 2. c4 {[%emt 0:00:00]} e6 {[%emt 0:00:00]} 3. Nf3 {[%emt 0:00:00]} d5 {[%emt 0:00:00]} 4. Nc3 {[%emt 0:00:00]} dxc4 {[%emt 0:00:00]} 5. e3 {[%emt 0:00:00]} a6 {[%emt 0:00:00]} 6. Bxc4 {[%emt 0:00:00]} b5 {[%emt 0:00:00]} 7. Bd3 {[%emt 0:00:00]} Bb7 {[%emt 0:00:00]} 8. Qe2 {[%emt 0:00:00]} c5 {[%emt 0:00:00]} 9. dxc5 {[%emt 0:00:00]} Bxc5 {[%emt 0:00:00]} 10. O-O {[%emt 0:00:00]} Nbd7 {[%emt 0:00:00]} 11. e4 {[%emt 0:00:00]} O-O {[%emt 0:00:00]} 12. e5 {[%emt 0:00:00]} Bxf3 {[%emt 0:00:00]} 13. gxf3 {[%emt 0:00:00]} Nh5 {[%emt 0:00:00]} 14. Qe4 {[%emt 0:00:00]} g6 {[%emt 0:00:00]} 15. Bh6 {[%emt 0:00:00]} Re8 {[%emt 0:00:00]} 16. Rad1 {[%emt 0:00:00]} Qc7 {[%emt 0:00:00]} 17. f4 {[%emt 0:00:00]} Rad8 {[%emt 0:00:00]} 18. Be2 {[%emt 0:00:00]} Ng7 {[%emt 0:00:00]} 19. Bg5 {[%emt 0:00:00]} Be7 {[%emt 0:00:00]} 20. Bxe7 {[%emt 0:00:00]} Rxe7 {[%emt 0:00:00]} 21. Qb4 {[%emt 0:00:00]} Nb6 {[%emt 0:00:00]} 22. Rxd8+ {[%emt 0:00:00]} Qxd8 {[%emt 0:00:00]} 23. Qa5 {[%emt 0:00:00]} Nf5 {[%emt 0:00:00]} 24. Rd1 {[%emt 0:00:00]} Nd4 {[%emt 0:00:00]} 25. Kf1 {[%emt 0:00:00]} Qa8 {[%emt 0:00:00]} 26. f3 {[%emt 0:00:00]} Nc4 {[%emt 0:00:00]} 27. Bxc4 {[%emt 0:00:00]} Qxf3+ {[%emt 0:00:00]} 28. Kg1 {[%emt 0:00:00]} Qe3+ {[%emt 0:00:00]} 29. Kg2 {[%emt 0:00:00]} Kg7 {[%emt 0:00:00]} 30. Qd8 {[%emt 0:00:00]} Nf5 {[%emt 0:00:00]} 31. Be2 {[%emt 0:00:00]} b4 {[%emt 0:00:00]} 32. Rd3 {[%emt 0:00:00]} Qxf4 {[%emt 0:00:00]} 33. Nd1 {[%emt 0:00:00]} Qxe5 {[%emt 0:00:00]} 34. Bf1 {[%emt 0:00:00]} Rc7 {[%emt 0:00:00]} 35. Rd2 {[%emt 0:00:00]} Qf4 {[%emt 0:00:30]} 36. Kg1 {[%emt 0:00:00]} Rc5 {[%emt 0:01:57]} 37. Rf2 {[%emt 0:00:00]} Qg4+ {[%emt 0:01:45]} 38. Rg2 {[%emt 0:00:00]} Qe4 {[%emt 0:00:55]} 39. Nf2 {[%emt 0:00:00]} Qe3 {[%emt 0:01:13]} 40. Qd3 {[%emt 0:00:00]} Rc1 {[%emt 0:00:04]} 41. Rg4 {[%emt 0:01:44]} b3 {[%emt 0:04:31]} 42. axb3 {[%emt 0:00:54]} Qxd3 {[%emt 0:00:23]} 43. Nxd3 {[%emt 0:01:05]} Rxf1+ {[%emt 0:00:01]} 44. Kxf1 {[%emt 0:00:13]} Ne3+ {[%emt 0:00:01]} 45. Kg1 {[%emt 0:00:20]} Nxg4 {[%emt 0:00:04]} 46. Nb4 {[%emt 0:00:05]} Ne5 {[%emt 0:01:04]} 47. Nxa6 {[%emt 0:00:14]} Nd3 {[%emt 0:00:54]} 48. b4 {[%emt 0:00:09]} Nxb2 {[%emt 0:00:33]} 49. Nc5 {[%emt 0:00:30]} Kf6 {[%emt 0:00:40]} 50. b5 {[%emt 0:00:06]} Nc4 {[%emt 0:00:45]} 51. Kf2 {[%emt 0:01:04]} Ke7 {[%emt 0:00:14]} 52. Kf3 {[%emt 0:00:18]} f5 {[%emt 0:00:23]} 53. Kf4 {[%emt 0:00:50]} h6 {[%emt 0:00:49]} 54. h4 {[%emt 0:00:07]} e5+ {[%emt 0:00:06]} 55. Kf3 {[%emt 0:00:09]} g5 {[%emt 0:00:08]} 56. h5 {[%emt 0:00:13]} e4+ {[%emt 0:00:24]} 57. Ke2 {[%emt 0:00:12]} g4 {[%emt 0:00:17]} 58. Nb3 {[%emt 0:00:33]} f4 {[%emt 0:00:14]} 59. Nd4 {[%emt 0:00:04]} f3+ {[%emt 0:00:07]} 60. Ke1 {[%emt 0:00:23]} Kf6 {[%emt 0:00:16]} 61. Nc2 {[%emt 0:00:40]} g3 {[%emt 0:00:13]} 0-1

[Event "Torneo Benidorm Gran Hotel Bali 2022"]
[Site "Benidorm, Spain"]
[Date "2022.12.09"]
[Round "8.4"]
[White "Remolar Gallen, Jose"]
[Black "Centeno Mendoza, Julio Stefano"]
[Result "1/2-1/2"]
[WhiteElo "2305"]
[BlackElo "2099"]
[PlyCount "97"]
[EventDate "2022.12.03"]
[EventType "swiss"]
[EventRounds "9"]
[SourceTitle "Ajedrez en Madrid"]
[Source "lmi"]
[SourceDate "2022.12.03"]
[SourceVersion "1"]
[SourceVersionDate "2022.12.10"]
[SourceQuality "1"]
[TimeControl "90+30"]
[WhiteClock "0:02:16"]
[BlackClock "0:03:01"]

1. d4 {[%emt 0:00:00]} d5 {[%emt 0:00:00]} 2. c4 {[%emt 0:00:00]} e6 {[%emt 0:00:00]} 3. Nc3 {[%emt 0:00:00]} Be7 {[%emt 0:00:00]} 4. cxd5 {[%emt 0:00:00]} exd5 {[%emt 0:00:00]} 5. Bf4 {[%emt 0:00:00]} c6 {[%emt 0:00:00]} 6. e3 {[%emt 0:00:00]} Bf5 {[%emt 0:00:00]} 7. Bd3 {[%emt 0:00:00]} Bxd3 {[%emt 0:00:00]} 8. Qxd3 {[%emt 0:00:00]} Nf6 {[%emt 0:00:00]} 9. Nge2 {[%emt 0:00:00]} Nbd7 {[%emt 0:00:00]} 10. Ng3 {[%emt 0:00:00]} g6 {[%emt 0:00:00]} 11. O-O {[%emt 0:00:00]} O-O {[%emt 0:00:00]} 12. Rab1 {[%emt 0:00:00]} a5 {[%emt 0:00:00]} 13. h3 {[%emt 0:00:00]} Ne8 {[%emt 0:00:00]} 14. Nge2 {[%emt 0:00:00]} Ng7 {[%emt 0:00:00]} 15. Rfc1 {[%emt 0:00:00]} Nb6 {[%emt 0:00:00]} 16. b3 {[%emt 0:00:00]} Re8 {[%emt 0:00:00]} 17. Na4 {[%emt 0:00:00]} Nd7 {[%emt 0:00:00]} 18. Rc2 {[%emt 0:00:00]} Ne6 {[%emt 0:00:00]} 19. Bg3 {[%emt 0:00:00]} Bb4 {[%emt 0:00:00]} 20. Rd1 {[%emt 0:00:00]} Qe7 {[%emt 0:00:00]} 21. Nc1 {[%emt 0:00:00]} Ng5 {[%emt 0:00:00]} 22. Bh2 {[%emt 0:00:00]} f5 {[%emt 0:00:00]} 23. Qf1 {[%emt 0:00:00]} Ne4 {[%emt 0:00:00]} 24. Nd3 {[%emt 0:00:00]} Ba3 {[%emt 0:00:00]} 25. Kh1 {[%emt 0:00:00]} Ng5 {[%emt 0:00:00]} 26. Re1 {[%emt 0:00:00]} Ne6 {[%emt 0:00:00]} 27. Rb1 {[%emt 0:00:00]} Qf8 {[%emt 0:06:01]} 28. Nc3 {[%emt 0:00:00]} Be7 {[%emt 0:00:49]} 29. Ne2 {[%emt 0:00:00]} Bb4 {[%emt 0:04:07]} 30. Ng1 {[%emt 0:00:00]} Ng5 {[%emt 0:00:42]} 31. Nf3 {[%emt 0:00:00]} Nxf3 {[%emt 0:01:01]} 32. gxf3 {[%emt 0:00:00]} Be7 {[%emt 0:00:22]} 33. Qg2 {[%emt 0:00:40]} Qf6 {[%emt 0:01:15]} 34. Qg3 {[%emt 0:01:37]} Qh4 {[%emt 0:01:20]} 35. Qc7 {[%emt 0:03:41]} Nf6 {[%emt 0:00:40]} 36. Kg2 {[%emt 0:00:24]} Ne4 {[%emt 0:00:56]} 37. Rh1 {[%emt 0:05:04]} Ng5 {[%emt 0:01:51]} 38. Bg3 {[%emt 0:00:26]} Qh5 {[%emt 0:00:05]} 39. Ne1 {[%emt 0:00:10]} Bb4 {[%emt 0:00:49]} 40. h4 {[%emt 0:00:02]} Ne6 {[%emt 0:00:20]} 41. Qxb7 {[%emt 0:01:39]} f4 {[%emt 0:00:19]} 42. Bxf4 {[%emt 0:04:44]} Nxf4+ {[%emt 0:00:06]} 43. exf4 {[%emt 0:00:02]} Rab8 {[%emt 0:00:06]} 44. Qc7 {[%emt 0:01:48]} Rbc8 {[%emt 0:00:08]} 45. Qd7 {[%emt 0:00:09]} Rcd8 {[%emt 0:00:13]} 46. Qc7 {[%emt 0:00:15]} Rc8 {[%emt 0:00:04]} 47. Qb7 {[%emt 0:00:28]} Rb8 {[%emt 0:01:11]} 48. Qc7 {[%emt 0:02:23]} Rbc8 {[%emt 0:00:04]} 49. Qb7 {[%emt 0:00:12]} 1/2-1/2

[Event "Torneo Benidorm Gran Hotel Bali 2022"]
[Site "Benidorm, Spain"]
[Date "2022.12.09"]
[Round "8.5"]
[White "Aguilera Lopez, Alejandro"]
[Black "Shaik, Sumer Arsh"]
[Result "1/2-1/2"]
[WhiteElo "2184"]
[BlackElo "2290"]
[PlyCount "59"]
[EventDate "2022.12.03"]
[EventType "swiss"]
[EventRounds "9"]
[SourceTitle "Ajedrez en Madrid"]
[Source "lmi"]
[SourceDate "2022.12.03"]
[SourceVersion "1"]
[SourceVersionDate "2022.12.10"]
[SourceQuality "1"]
[TimeControl "90+30"]
[WhiteClock "0:50:05"]
[BlackClock "0:01:30"]

1. Nf3 {[%emt 0:00:00]} d5 {[%emt 0:00:00]} 2. b3 {[%emt 0:00:00]} Bg4 {[%emt 0:00:00]} 3. Bb2 {[%emt 0:00:00]} Bxf3 {[%emt 0:00:00]} 4. exf3 {[%emt 0:00:00]} e6 {[%emt 0:00:00]} 5. f4 {[%emt 0:00:00]} Nf6 {[%emt 0:00:00]} 6. g3 {[%emt 0:00:00]} g6 {[%emt 0:00:00]} 7. Bg2 {[%emt 0:00:00]} Bg7 {[%emt 0:00:00]} 8. O-O {[%emt 0:00:00]} O-O {[%emt 0:00:00]} 9. Qe2 {[%emt 0:00:00]} Nc6 {[%emt 0:00:00]} 10. c4 {[%emt 0:00:00]} Ne7 {[%emt 0:00:00]} 11. d3 {[%emt 0:00:00]} c6 {[%emt 0:00:00]} 12. Nd2 {[%emt 0:00:00]} Nd7 {[%emt 0:00:00]} 13. Nf3 {[%emt 0:00:00]} Nf5 {[%emt 0:00:00]} 14. Ne5 {[%emt 0:00:00]} Nxe5 {[%emt 0:00:00]} 15. fxe5 {[%emt 0:00:00]} Qb6 {[%emt 0:00:00]} 16. Rad1 {[%emt 0:00:00]} Rfd8 {[%emt 0:00:00]} 17. g4 {[%emt 0:00:00]} Nd4 {[%emt 0:00:00]} 18. Qe3 {[%emt 0:00:00]} dxc4 {[%emt 0:00:00]} 19. dxc4 {[%emt 0:00:00]} c5 {[%emt 0:00:00]} 20. Qe4 {[%emt 0:00:00]} Nc6 {[%emt 0:02:07]} 21. f4 {[%emt 0:00:00]} Qa5 {[%emt 0:01:43]} 22. Qb1 {[%emt 0:00:00]} Bh6 {[%emt 0:03:29]} 23. g5 {[%emt 0:00:00]} Bf8 {[%emt 0:02:34]} 24. Bxc6 {[%emt 0:00:00]} bxc6 {[%emt 0:00:01]} 25. Qc2 {[%emt 0:00:00]} Be7 {[%emt 0:02:22]} 26. Bc3 {[%emt 0:00:00]} Qb6 {[%emt 0:00:26]} 27. Rxd8+ {[%emt 0:00:00]} Rxd8 {[%emt 0:00:01]} 28. Rd1 {[%emt 0:00:00]} Rxd1+ {[%emt 0:01:46]} 29. Qxd1 {[%emt 0:00:00]} Qd8 {[%emt 0:00:01]} 30. Qxd8+ {[%emt 0:02:42]} 1/2-1/2

[Event "Torneo Benidorm Gran Hotel Bali 2022"]
[Site "Benidorm, Spain"]
[Date "2022.12.09"]
[Round "8.6"]
[White "Luque Saiz, Andres"]
[Black "Salgado Lopez, Oscar"]
[Result "1-0"]
[WhiteElo "2286"]
[BlackElo "2070"]
[PlyCount "77"]
[EventDate "2022.12.03"]
[EventType "swiss"]
[EventRounds "9"]
[SourceTitle "Ajedrez en Madrid"]
[Source "lmi"]
[SourceDate "2022.12.03"]
[SourceVersion "1"]
[SourceVersionDate "2022.12.10"]
[SourceQuality "1"]
[TimeControl "90+30"]
[WhiteClock "0:14:28"]
[BlackClock "0:00:57"]

1. e4 {[%emt 0:00:00]} c5 {[%emt 0:00:00]} 2. Nf3 {[%emt 0:00:00]} e6 {[%emt 0:00:00]} 3. d4 {[%emt 0:00:00]} cxd4 {[%emt 0:00:00]} 4. Nxd4 {[%emt 0:00:00]} Nc6 {[%emt 0:00:00]} 5. Nc3 {[%emt 0:00:00]} Qc7 {[%emt 0:00:00]} 6. Be3 {[%emt 0:00:00]} a6 {[%emt 0:00:00]} 7. Qf3 {[%emt 0:00:00]} Ne5 {[%emt 0:00:00]} 8. Qg3 {[%emt 0:00:00]} h5 {[%emt 0:00:00]} 9. f4 {[%emt 0:00:00]} h4 {[%emt 0:00:00]} 10. Qh3 {[%emt 0:00:00]} Nc4 {[%emt 0:00:00]} 11. Bc1 {[%emt 0:00:00]} b5 {[%emt 0:00:00]} 12. Qd3 {[%emt 0:00:00]} Bb7 {[%emt 0:00:00]} 13. a4 {[%emt 0:00:00]} b4 {[%emt 0:00:00]} 14. Ncb5 {[%emt 0:00:00]} axb5 {[%emt 0:00:00]} 15. Nxb5 {[%emt 0:00:00]} Qa5 {[%emt 0:00:00]} 16. Qxc4 {[%emt 0:00:00]} Rc8 {[%emt 0:00:00]} 17. Qd4 {[%emt 0:00:00]} Nf6 {[%emt 0:00:00]} 18. Bd3 {[%emt 0:00:00]} d5 {[%emt 0:00:00]} 19. e5 {[%emt 0:00:00]} Bc5 {[%emt 0:00:00]} 20. Nd6+ {[%emt 0:00:00]} Bxd6 {[%emt 0:00:00]} 21. exd6 {[%emt 0:00:00]} h3 {[%emt 0:00:00]} 22. Bd2 {[%emt 0:00:00]} hxg2 {[%emt 0:00:00]} 23. Rg1 {[%emt 0:00:00]} Rxh2 {[%emt 0:00:00]} 24. Bxb4 {[%emt 0:00:00]} Qa8 {[%emt 0:00:00]} 25. b3 {[%emt 0:00:00]} Kd7 {[%emt 0:00:49]} 26. Qb6 {[%emt 0:00:00]} Bc6 {[%emt 0:00:33]} 27. Ba6 {[%emt 0:00:00]} Rhh8 {[%emt 0:06:37]} 28. Bxc8+ {[%emt 0:00:00]} Rxc8 {[%emt 0:00:02]} 29. Qd4 {[%emt 0:00:00]} Qb7 {[%emt 0:04:36]} 30. Rxg2 {[%emt 0:00:00]} Ne8 {[%emt 0:00:11]} 31. Bc5 {[%emt 0:00:00]} g6 {[%emt 0:00:28]} 32. b4 {[%emt 0:00:51]} Qb8 {[%emt 0:01:35]} 33. Rh2 {[%emt 0:03:41]} Nxd6 {[%emt 0:02:00]} 34. Rh7 {[%emt 0:00:06]} e5 {[%emt 0:00:38]} 35. fxe5 {[%emt 0:00:46]} Nf5 {[%emt 0:00:20]} 36. Rxf7+ {[%emt 0:00:43]} Ke8 {[%emt 0:00:50]} 37. Rf8+ {[%emt 0:00:07]} Kd7 {[%emt 0:00:14]} 38. e6+ {[%emt 0:00:07]} Kc7 {[%emt 0:00:40]} 39. Rf7+ {[%emt 0:00:11]} 1-0

[Event "Torneo Benidorm Gran Hotel Bali 2022"]
[Site "Benidorm, Spain"]
[Date "2022.12.09"]
[Round "8.7"]
[White "Kovacevic, Slobodan"]
[Black "Rodriguez Redondo, Adhara"]
[Result "1-0"]
[WhiteElo "2224"]
[BlackElo "2057"]
[PlyCount "91"]
[EventDate "2022.12.03"]
[EventType "swiss"]
[EventRounds "9"]
[SourceTitle "Ajedrez en Madrid"]
[Source "lmi"]
[SourceDate "2022.12.03"]
[SourceVersion "1"]
[SourceVersionDate "2022.12.10"]
[SourceQuality "1"]
[TimeControl "90+30"]
[WhiteClock "0:14:47"]
[BlackClock "0:00:33"]

1. d4 {[%emt 0:00:00]} d5 {[%emt 0:00:00]} 2. Bf4 {[%emt 0:00:00]} Nf6 {[%emt 0:00:00]} 3. e3 {[%emt 0:00:00]} e6 {[%emt 0:00:00]} 4. Nd2 {[%emt 0:00:56]} Bd6 5. Bg3 {[%emt 0:00:00]} O-O {[%emt 0:00:00]} 6. Ngf3 {[%emt 0:00:00]} c5 {[%emt 0:00:00]} 7. c3 {[%emt 0:00:00]} c4 {[%emt 0:00:00]} 8. Qc2 {[%emt 0:00:00]} Qc7 {[%emt 0:00:00]} 9. e4 {[%emt 0:00:00]} dxe4 {[%emt 0:00:00]} 10. Nxe4 {[%emt 0:00:00]} Nxe4 {[%emt 0:00:00]} 11. Qxe4 {[%emt 0:00:00]} f5 {[%emt 0:00:00]} 12. Bxd6 {[%emt 0:00:00]} Qxd6 {[%emt 0:00:00]} 13. Qe2 {[%emt 0:00:00]} b5 {[%emt 0:00:00]} 14. a4 {[%emt 0:00:00]} b4 {[%emt 0:00:00]} 15. Qxc4 {[%emt 0:00:00]} bxc3 {[%emt 0:00:00]} 16. bxc3 {[%emt 0:00:00]} Bb7 {[%emt 0:00:00]} 17. Be2 {[%emt 0:00:00]} a5 {[%emt 0:00:00]} 18. O-O {[%emt 0:00:00]} Nd7 {[%emt 0:00:00]} 19. Qa2 {[%emt 0:00:00]} Nf6 {[%emt 0:00:00]} 20. Ng5 {[%emt 0:00:00]} Nd5 {[%emt 0:00:00]} 21. Qa3 {[%emt 0:00:00]} Qxa3 {[%emt 0:00:00]} 22. Rxa3 {[%emt 0:00:00]} Rac8 {[%emt 0:00:00]} 23. Bf3 {[%emt 0:00:00]} Rf6 {[%emt 0:01:38]} 24. Re1 {[%emt 0:00:00]} h6 {[%emt 0:02:43]} 25. Nxe6 {[%emt 0:00:00]} Re8 {[%emt 0:01:01]} 26. c4 {[%emt 0:00:00]} Rfxe6 {[%emt 0:01:53]} 27. Rxe6 {[%emt 0:00:00]} Rxe6 {[%emt 0:00:03]} 28. h3 {[%emt 0:00:00]} Rb6 {[%emt 0:04:33]} 29. cxd5 {[%emt 0:00:00]} Rb4 {[%emt 0:00:27]} 30. Rc3 {[%emt 0:00:00]} Rxd4 {[%emt 0:00:55]} 31. Rc5 {[%emt 0:00:00]} g5 {[%emt 0:02:32]} 32. Rb5 {[%emt 0:02:16]} g4 {[%emt 0:00:56]} 33. hxg4 {[%emt 0:01:10]} fxg4 {[%emt 0:00:02]} 34. Be2 {[%emt 0:00:31]} Rb4 {[%emt 0:01:13]} 35. Rxa5 {[%emt 0:00:15]} Kf8 {[%emt 0:00:31]} 36. Rb5 {[%emt 0:00:54]} Rxb5 {[%emt 0:00:12]} 37. axb5 {[%emt 0:00:18]} h5 {[%emt 0:01:33]} 38. Kh2 {[%emt 0:00:31]} Bxd5 {[%emt 0:00:00]} 39. Kg3 {[%emt 0:00:34]} Ke7 {[%emt 0:00:13]} 40. f3 {[%emt 0:00:41]} gxf3 {[%emt 0:00:32]} 41. Bxf3 {[%emt 0:00:08]} Bc4 {[%emt 0:00:17]} 42. b6 {[%emt 0:00:17]} Kd6 {[%emt 0:00:08]} 43. Kh4 {[%emt 0:00:39]} Bf7 {[%emt 0:01:05]} 44. Bxh5 {[%emt 0:00:16]} Bd5 {[%emt 0:00:15]} 45. Bf3 {[%emt 0:00:04]} Be6 {[%emt 0:00:45]} 46. Kg5 {[%emt 0:00:13]} 1-0

[Event "Torneo Benidorm Gran Hotel Bali 2022"]
[Site "Benidorm, Spain"]
[Date "2022.12.09"]
[Round "8.8"]
[White "Hristodorescu, Daniel"]
[Black "Pallardo Lozoya, Jose Vicente"]
[Result "0-1"]
[WhiteElo "2108"]
[BlackElo "2367"]
[PlyCount "108"]
[EventDate "2022.12.03"]
[EventType "swiss"]
[EventRounds "9"]
[SourceTitle "Ajedrez en Madrid"]
[Source "lmi"]
[SourceDate "2022.12.03"]
[SourceVersion "1"]
[SourceVersionDate "2022.12.10"]
[SourceQuality "1"]
[TimeControl "90+30"]
[WhiteClock "0:05:01"]
[BlackClock "0:01:00"]

1. e4 {[%emt 0:00:00]} e6 {[%emt 0:00:00]} 2. d4 {[%emt 0:00:00]} d5 {[%emt 0:00:00]} 3. Nc3 {[%emt 0:00:00]} Nf6 {[%emt 0:00:00]} 4. e5 {[%emt 0:00:00]} Nfd7 {[%emt 0:00:00]} 5. f4 {[%emt 0:00:00]} c5 {[%emt 0:00:00]} 6. Nf3 {[%emt 0:00:00]} Nc6 {[%emt 0:00:00]} 7. Be3 {[%emt 0:00:00]} Be7 {[%emt 0:00:00]} 8. Be2 {[%emt 0:00:00]} O-O {[%emt 0:00:00]} 9. O-O {[%emt 0:00:00]} f6 {[%emt 0:00:00]} 10. exf6 {[%emt 0:00:00]} Nxf6 {[%emt 0:00:00]} 11. Kh1 {[%emt 0:00:00]} Ng4 {[%emt 0:00:00]} 12. Bg1 {[%emt 0:00:00]} Rxf4 {[%emt 0:00:00]} 13. Qd2 {[%emt 0:00:00]} Rf8 {[%emt 0:00:00]} 14. dxc5 {[%emt 0:00:00]} Bd7 {[%emt 0:00:00]} 15. a3 {[%emt 0:00:00]} a5 {[%emt 0:00:00]} 16. Rad1 {[%emt 0:00:00]} Nf6 {[%emt 0:00:00]} 17. Bd3 {[%emt 0:00:00]} Be8 {[%emt 0:00:00]} 18. Rde1 {[%emt 0:00:00]} Bf7 {[%emt 0:00:00]} 19. Nd4 {[%emt 0:00:00]} Nxd4 {[%emt 0:00:00]} 20. Bxd4 {[%emt 0:00:00]} Nd7 {[%emt 0:00:00]} 21. b4 {[%emt 0:00:00]} axb4 {[%emt 0:00:00]} 22. axb4 {[%emt 0:00:00]} Bg5 {[%emt 0:00:00]} 23. Qd1 {[%emt 0:00:00]} e5 {[%emt 0:00:00]} 24. Bg1 {[%emt 0:00:00]} e4 {[%emt 0:00:00]} 25. Be2 {[%emt 0:00:00]} Nf6 {[%emt 0:00:00]} 26. Nb5 {[%emt 0:00:00]} Qe7 {[%emt 0:01:01]} 27. Nd6 {[%emt 0:00:00]} Be6 {[%emt 0:00:08]} 28. Qd4 {[%emt 0:00:00]} Ra2 {[%emt 0:02:30]} 29. Qe5 {[%emt 0:00:00]} Nd7 {[%emt 0:01:19]} 30. Rxf8+ {[%emt 0:00:00]} Nxf8 {[%emt 0:00:11]} 31. Nf5 {[%emt 0:00:00]} Qf6 {[%emt 0:01:35]} 32. Qxf6 {[%emt 0:00:00]} Bxf6 {[%emt 0:00:04]} 33. Nd4 {[%emt 0:00:00]} Bxd4 {[%emt 0:02:11]} 34. Bxd4 {[%emt 0:00:00]} Rxc2 {[%emt 0:00:01]} 35. h3 {[%emt 0:00:00]} Bd7 {[%emt 0:01:18]} 36. Bf1 {[%emt 0:00:50]} Ne6 {[%emt 0:00:49]} 37. Be5 {[%emt 0:00:06]} Rd2 {[%emt 0:02:53]} 38. Bc3 {[%emt 0:02:40]} Rc2 {[%emt 0:01:59]} 39. Be5 {[%emt 0:00:07]} Bc6 {[%emt 0:01:22]} 40. b5 {[%emt 0:02:52]} Nxc5 {[%emt 0:00:26]} 41. bxc6 {[%emt 0:00:48]} bxc6 {[%emt 0:00:02]} 42. Ra1 {[%emt 0:01:24]} Kf7 {[%emt 0:00:39]} 43. Ra7+ {[%emt 0:00:54]} Ke6 {[%emt 0:00:15]} 44. Bxg7 {[%emt 0:02:52]} Rc1 {[%emt 0:00:38]} 45. Ra1 {[%emt 0:00:34]} Rxa1 {[%emt 0:00:38]} 46. Bxa1 {[%emt 0:00:08]} Nb3 {[%emt 0:01:04]} 47. Bc3 {[%emt 0:01:02]} c5 {[%emt 0:02:19]} 48. Kg1 {[%emt 0:00:08]} e3 {[%emt 0:01:13]} 49. Bd3 {[%emt 0:02:10]} Nd2 {[%emt 0:00:35]} 50. Bxh7 {[%emt 0:00:54]} d4 {[%emt 0:00:05]} 51. Ba5 {[%emt 0:00:55]} c4 {[%emt 0:00:54]} 52. g4 {[%emt 0:02:06]} d3 {[%emt 0:00:18]} 53. Bb6 {[%emt 0:02:22]} Nf3+ {[%emt 0:00:33]} 54. Kg2 {[%emt 0:00:37]} d2 {[%emt 0:00:30] Kg1 Ke5+} 0-1